Uniform algebras and Jensen measure. (Record no. 7935)

MARC details
000 -LEADER
fixed length control field 00507nam a22001937a 4500
003 - CONTROL NUMBER IDENTIFIER
control field OSt
005 - DATE AND TIME OF LATEST TRANSACTION
control field 20220803111545.0
008 - FIXED-LENGTH DATA ELEMENTS--GENERAL INFORMATION
fixed length control field 220803b ||||| |||| 00| 0 eng d
020 ## - INTERNATIONAL STANDARD BOOK NUMBER
International Standard Book Number 9781108471220
040 ## - CATALOGING SOURCE
Transcribing agency ddc
082 ## - DEWEY DECIMAL CLASSIFICATION NUMBER
Classification number 512 GAM 2008
100 ## - MAIN ENTRY--PERSONAL NAME
Personal name T.W.Gamelin
9 (RLIN) 16127
245 ## - TITLE STATEMENT
Title Uniform algebras and Jensen measure.
260 ## - PUBLICATION, DISTRIBUTION, ETC. (IMPRINT)
Place of publication, distribution, etc. London:
Name of publisher, distributor, etc. Cambridge University Press;
Date of publication, distribution, etc. 2008,
300 ## - PHYSICAL DESCRIPTION
Extent 162p.;
Dimensions 26cm.
504 ## - BIBLIOGRAPHY, ETC. NOTE
Bibliography, etc Index Included.
650 ## - SUBJECT ADDED ENTRY--TOPICAL TERM
Topical term or geographic name as entry element Uniform algebras.
9 (RLIN) 16128
942 ## - ADDED ENTRY ELEMENTS (KOHA)
Source of classification or shelving scheme Dewey Decimal Classification
Koha item type Book
Holdings
Withdrawn status Lost status Source of classification or shelving scheme Damaged status Not for loan Home library Current library Date acquired Source of acquisition Inventory number Total Checkouts Full call number Barcode Date last seen Price effective from Koha item type
    Dewey Decimal Classification     MUST Main Library MUST Main Library 03/08/2022 Purchase 22/41999   512 GAM 2008 2022-0746 03/08/2022 03/08/2022 Book
    Dewey Decimal Classification     MUST Main Library MUST Main Library 22/08/2022 Purchase 22/41878   512 GAM 2008 2022-7916 22/08/2022 22/08/2022 Book
    Dewey Decimal Classification     MUST Main Library MUST Main Library 22/08/2022 Purchase 22/41879   512 GAM 2008 2022-7917 22/08/2022 22/08/2022 Book